000 01114cam a2200277 4500
001 sa 68013702
003 DLC
005 20260227112624.0
008 691209s1967 ii ab b 100 0 eng
010 _asa 68013702
025 _aPL480:I-E-9693
040 _aDLC
_cDLC
_dDLC
_dICU
_dDLC
050 0 0 _aQC801
_b.H68 no. 8
082 0 0 _a551.1/1
111 2 _aSymposium on Upper Mantle Project
_d(1970 :
_cHyderabad, India)
245 0 0 _aProceedings.
260 _aHyderabad, India,
_bGeophysics Research Board, National Geophysical Research Institute
_c[1967]
300 _axxxviii, 540, iv p.
_billus., maps (part fold.)
_c25 cm.
350 _a25.00
440 0 _aGRB & NGRI publication ;
_vno. 8
500 _a"Sponsored by the Geophysics Research Board, the National Geophysical Research Institute, the Indian Geophysical Union, the Geological Society of India and the Geological Survey of India."
504 _aIncludes bibliographies.
650 0 _aGeophysics
_zIndia
_vCongresses.
610 2 0 _aInternational Upper Mantle Project
_vCongresses.
710 1 _aHyderabad (India).
_bGeophysics Research Board.
999 _c85273
_d85273